Time Series Analysis: Nonstationery and Noninvertible Distribution Theory - Second Edition /

Salvato in:
Dettagli Bibliografici
Autore principale: Tanaka, Katsuko (Autore)
Natura: Libro
Lingua:inglese
Pubblicazione: Hoboken: John Wiley & Sons, 2017
Edizione:2. vyd.
Serie:Wiley Series in Probability and Statistics
Soggetti:
Tags: Aggiungi Tag
Nessun Tag, puoi essere il primo ad aggiungerne!!

MARC

LEADER 00000nam a22000003a 4500
001 0090691
003 SK-STU
005 20211006105346.9
007 ta
008 211006s ----xo-----e------000-0-----d
020 |a 978-1-119-13209-7 
040 |a STU  |b slo 
041 0 |a eng  |h eng 
044 |a xxu 
100 1 |a Tanaka, Katsuko  |4 aut  |r Z6 
245 1 0 |a Time Series Analysis:  |b Nonstationery and Noninvertible Distribution Theory - Second Edition /  |c aut. Katsuko Tanaka 
250 |a 2. vyd. 
260 |a Hoboken:  |b John Wiley & Sons,  |c 2017 
300 |a 889 s. 
490 0 |a Wiley Series in Probability and Statistics 
650 0 7 |a noninvertibility 
650 0 7 |a nonstationarity 
650 0 7 |a theorems 
650 0 7 |a models 
650 0 7 |a statistical analysis 
996 |c V* 53178/O-24338  |l VV11  |s P  |a 0  |w 0090691_0001